000
00298nam a22001337a 4500
008
181012b xxu||||| |||| 00| 0 eng d
020
_a
9780071478984
041
_a
eng
080
_2
9th
_a
610
100
_a
4
101
_a
SHM
245
_a
Diagnostic Examination
_c
LeBlond,R.F
942
_2
udc
_c
BK
999
_c
49552
_d
49552